00273nam a2200109Ia 4500008004100000100002300041245004000064260002500104650001000129942000700139999001700146190216s9999||||xx |||||||||||||| ||und|| aSyama Sundar Ghosh 0aHindi-Naye Kavitha Ke Swaroop Vikas bHindi Sahithya Sadan aHindi cBK c15237d15237